| 000 | 00753aas a2200229 4500 | ||
|---|---|---|---|
| 999 |
_c3442 _d3442 |
||
| 003 | BR-BrBNA | ||
| 005 | 20230317233809.0 | ||
| 007 | ta | ||
| 008 | 230119b bl ||||| |||| 00| 0 por d | ||
| 035 | _a000485-5 | ||
| 040 |
_aBR-BrBNA _bPor _cBR-BrBNA |
||
| 042 | _a059137-8 | ||
| 044 | _abl | ||
| 245 | _aPublicação - Ministério da Agricultura - Equipe Técnica de Estatística Agropecuária (Brazil) | ||
| 260 |
_aBrasília-DF _bEquipe Técnica de Estatística Agropecuária _c1968. Data final de publicação em 1971 _eBDF |
||
| 270 | _aEsplanada dos Ministério BL-D | ||
| 310 | _airregular | ||
| 500 | _aTítulo de Capa - Safras | ||
| 505 | _a1968 (1,5,27-28); 1969 (19,31); 1970 (36); 1971 (38,40); | ||
| 909 |
_a56 _bSergio Santos _c56 _dSergio Santos |
||
| 942 |
_cCR _2AGRIS |
||